|
|
|
|
| LEADER |
01320nam a2200313 i 4500 |
| 001 |
41390 |
| 003 |
BD-DhAAL |
| 005 |
20230718161656.0 |
| 008 |
230718t19751981mdu b 000 0 eng |
| 010 |
|
|
|a 75040228
|
| 020 |
|
|
|a 0801818176.
|a 0801818184
|
| 040 |
|
|
|a DLC
|c DLC
|d DLC
|d BD-DhAAL
|
| 050 |
0 |
0 |
|a HD47
|b .S67
|
| 082 |
0 |
0 |
|a 658.1552
|
| 100 |
1 |
|
|a Squire, Lyn,
|d 1946-
|9 55136
|
| 245 |
1 |
0 |
|a Economic analysis of projects /
|c Lyn Squire, Herman G. van der Tak.
|
| 260 |
|
|
|a Baltimore :
|b Published for the World Bank [by] Johns Hopkins University Press,
|c c1975.
|
| 300 |
|
|
|a xi, 153 pages ;
|c 23 cm.
|
| 490 |
|
|
|a A World Bank research publication
|
| 504 |
|
|
|a Includes bibliographical references (p. 151-153.) and index.
|
| 541 |
|
|
|a Donated By Akbar Ali Khan
|e 41390
|
| 650 |
|
0 |
|a Economic development projects
|x Evaluation.
|9 55137
|
| 650 |
|
0 |
|a Expenditures, Public.
|
| 700 |
1 |
|
|a Tak, Herman G. van der,
|e joint author.
|9 55138
|
| 710 |
2 |
|
|a World Bank.
|
| 852 |
|
|
|a Ayesha Abed Library
|c Akbar Ali Khan Collection
|
| 942 |
|
|
|2 ddc
|c BK
|
| 999 |
|
|
|c 45999
|d 45999
|
| 952 |
|
|
|0 0
|1 0
|2 ddc
|4 0
|6 658_155200000000000_SQU
|7 1
|9 74089
|a BRACUL
|b BRACUL
|c AAKC
|d 2023-07-18
|e Donated by Akbar Ali Khan
|g 146.71
|l 0
|o 658.1552 SQU
|p 3010041390
|r 2023-07-18
|t 1
|w 2023-07-18
|y BK
|x price are not available in book (collected from amazon.com )
|